000 00407nam a2200181Ia 4500
001 10011
005 20260306161800.0
008 260306t2009||||xx |||||||||||||| ||spa||
041 _aESP
082 _aPE 869.56
_bR93
100 _aRuíz Rosas, José
_eAUT
245 0 _aObra poética (1949 - 2009)
260 _c2009
300 _a
_c
650 _aGEN
654 _aCHU
942 _cLIB
_dJUS
_fJUS
_2ddc
_n
999 _c10011
_d10011